Statistics for 90 secs Countries of the World: by Northernmost Point Rank

Click here to take the quiz!

General Stats

  • This quiz has been taken 1,767 times
  • The average score is 139 of 196

Answer Stats

COUNTRY% Correct
Finland
98%
Norway
97%
Russia
97%
United States
97%
Canada
96%
Netherlands
95%
Sweden
94%
Ukraine
94%
China
92%
Ireland
92%
Kazakhstan
92%
Mongolia
92%
Poland
92%
Belgium
91%
Germany
91%
Chile
88%
Israel
88%
Libya
88%
Argentina
87%
Botswana
87%
India
87%
Jordan
87%
Mexico
87%
Paraguay
87%
Zambia
87%
East Timor
86%
South Africa
86%
Tuvalu
86%
Bolivia
85%
Brunei
85%
Czech Republic
85%
Indonesia
85%
Kenya
85%
Malawi
85%
Suriname
85%
Australia
84%
Democratic Republic of the Congo
84%
France
84%
Iceland
84%
Mozambique
84%
Solomon Islands
84%
Armenia
83%
Brazil
83%
Cyprus
83%
Luxembourg
83%
Mauritius
83%
Morocco
83%
South Korea
83%
Belarus
82%
Iran
82%
Lebanon
82%
Republic of the Congo
82%
Uganda
82%
Bosnia and Herzegovina
81%
Lithuania
81%
Malta
81%
Namibia
81%
Nepal
81%
Serbia
81%
Swaziland
81%
Tajikistan
81%
Tunisia
81%
Bulgaria
80%
Croatia
80%
Egypt
80%
Equatorial Guinea
80%
Greece
80%
Iraq
80%
Japan
80%
Kuwait
80%
Lesotho
80%
New Zealand
80%
United Kingdom
80%
Uzbekistan
80%
Afghanistan
79%
Cuba
79%
Laos
79%
Saudi Arabia
79%
Spain
79%
Monaco
78%
Samoa
78%
San Marino
78%
Slovakia
78%
Austria
77%
Azerbaijan
77%
Estonia
77%
Syria
77%
Tonga
77%
Vietnam
77%
Chad
76%
Pakistan
76%
Sudan
76%
Latvia
75%
Niger
75%
Turkey
75%
Zimbabwe
75%
Denmark
74%
Vatican City
74%
Mali
73%
Philippines
73%
Thailand
73%
Portugal
72%
Andorra
71%
Burma
71%
Haiti
71%
Macedonia
71%
Rwanda
71%
Albania
70%
Algeria
70%
Bhutan
70%
Malaysia
70%
Palau
70%
Uruguay
70%
Dominican Republic
69%
Maldives
69%
Switzerland
69%
Ecuador
68%
Moldova
68%
Papua New Guinea
68%
Romania
68%
Qatar
67%
Singapore
67%
United Arab Emirates
67%
Kosovo
65%
Tanzania
65%
Vanuatu
65%
Bahrain
64%
Liechtenstein
64%
Nauru
64%
Peru
64%
Sao Tome and Principe
64%
Slovenia
64%
Kiribati
63%
Yemen
63%
Comoros
62%
Italy
62%
Mauritania
62%
Fiji
61%
Georgia
61%
Guyana
60%
Jamaica
60%
Madagascar
60%
Montenegro
60%
Bahamas
59%
Burundi
58%
Saint Vincent and the Grenadines
58%
Seychelles
58%
Sri Lanka
58%
Turkmenistan
58%
Bangladesh
57%
Barbados
57%
El Salvador
57%
Federated States of Micronesia
57%
Kyrgyzstan
57%
Oman
57%
Angola
56%
Liberia
56%
Taiwan
56%
Djibouti
55%
Gabon
55%
Gambia
55%
North Korea
55%
Saint Lucia
55%
Antigua and Barbuda
54%
Belize
54%
Colombia
54%
Hungary
54%
Sierra Leone
54%
Cameroon
53%
Cote d'Ivoire
53%
Nigeria
53%
Panama
53%
Somalia
53%
Trinidad and Tobago
53%
Central African Republic
52%
Eritrea
52%
South Sudan
52%
Venezuela
51%
Costa Rica
50%
Guinea-Bissau
50%
Cambodia
49%
Dominica
49%
Marshall Islands
49%
Burkina Faso
48%
Saint Kitts and Nevis
48%
Ghana
47%
Honduras
47%
Nicaragua
47%
Grenada
46%
Guinea
46%
Senegal
46%
Togo
46%
Benin
45%
Ethiopia
45%
Guatemala
45%
Cape Verde
44%

Score Distribution

Percentile by Number Answered

Percent of People with Each Score

Your Score History

You have not taken this quiz